Statistics for Verbs Aimsir Fháistineach

Click here to take the quiz!

General Stats

  • This quiz has been taken 61 times
  • The average score is 20 of 63

Answer Stats

BriatharEnglishAimsir Fháistineach% Correct
BrisTo breakBrisfidh
95%
ArdaighTo raiseArdóidh
90%
AthraighTo changeAthróidh
90%
To beBeidh
90%
BrostaighTo hurryBrostóidh
90%
BuailTo hitBuailfidh
90%
CeannaighTo buyCeannóidh
90%
CabhraighTo helpCabhróidh
85%
CaillTo lose/missCaillfidh
85%
CaithTo throw/spend/wearCaithfidh
85%
AimsighTo locateAimseoidh
80%
CanTo singCanfaidh
80%
CeapTo thinkCeapfaidh
80%
AbairTo sayDéarfaidh
75%
BeirTo catchBéarfaidh
55%
CloisTo hearCloisfidh
55%
CeistighTo questionCeisteoidh
40%
CodailTo sleepCodlóidh
35%
ÉistTo listenÉistfidh
30%
FeicTo seeFeicfidh
30%
FillTo returnFillfidh
30%
GlanTo cleanGlanfaidh
30%
CoinnighTo keepCoinneoidh
25%
FágTo leaveFágfaidh
25%
FanTo wait/stayFanfaidh
25%
FásTo growFásfaidh
25%
FéachTo watchFéachfaidh
25%
CosainTo defendCosnóidh
20%
CreidTo believeCreidfidh
20%
CuirTo putCuirfidh
20%
ÉirighTo get upÉireoidh
20%
FaighTo getGheobhaidh
20%
GortaighTo hurtGortóidh
20%
CloighTo defeatCloifidh
15%
CríochnaighTo finishCríochnóidh
15%
CruinnighTo gatherCruinneoidh
15%
CuimhnighTo rememberCuimhneoidh
15%
DéanTo doDéanfaidh
15%
FreagairTo answerFreagróidh
15%
ImirTo play (sport)Imreoidh
15%
DeisighTo repairDeiseoidh
10%
DíolTo sellDíolfaidh
10%
DúisighTo wake upDúiseoidh
10%
DúnTo closeDúnfaidh
10%
TéighTo goRachaidh
10%
SeinnTo play (Music)Seinnfidh
10%
TógTo takeTógfaidh
10%
CeiliúirTo celebrateCeiliúirfaidh
5%
RithTo runRithfidh
5%
TarTo comeTabharfaidh
5%
TeastaighTowantTiocfaidh
5%
TíomáinTo driveTiomáinfidh
5%
TosachTo startTosóidh
5%
FeoighTo witherFeofaidh
0%
FoghlaimTo learnFoghlaimeoidh
0%
IthTo eatIthfidh
0%
LéighTo readLéifidh
0%
OibrighTo workOibreoidh
0%
ÓlTo drinkOlóidh
0%
OscailTo openOsclóidh
0%
TabhairTo giveScríobhfaidh
0%
TuigTo understandTuigfidh
0%
ÚsáidTo useÚsáidfidh
0%

Score Distribution

Percentile by Number Answered

Percent of People with Each Score

Your Score History

You have not taken this quiz